Loading...
| History - American | 3 | 2 | 0 | 0 | 65 | 41 | 65.80 | 4 | 5 | 0.00 | 0.00 |
| 2 | 2 | 0 | 0 | 50 | 13 | 72.75 | 3 | 4 | 0.00 | 0.00 | |
| Social Science | 2 | 1 | 0 | 0 | 40 | 52 | 70.33 | 2 | 3 | 0.00 | 0.00 |
| History - European | 1 | 2 | 0 | 1 | 35 | 25 | 79.67 | 2 | 3 | 0.00 | 0.00 |
| Beliefs | 0 | 4 | 1 | 1 | 35 | 90 | 108.00 | 3 | 4 | 0.00 | 0.00 |
| Fine Arts - Visual | 2 | 1 | 1 | 0 | 35 | 37 | 58.67 | 3 | 3 | 0.00 | 0.00 |
| Geography | 1 | 2 | 0 | 2 | 35 | 59 | 109.33 | 2 | 3 | 0.00 | 0.00 |
| Science - Biology | 1 | 2 | 0 | 0 | 35 | 54 | 85.00 | 3 | 3 | 0.00 | 0.00 |
| Literature - British | 1 | 1 | 0 | 0 | 25 | 34 | 62.00 | 1 | 2 | 0.00 | 0.00 |
| Fine Arts - Auditory | 1 | 1 | 0 | 1 | 25 | 24 | 76.00 | 2 | 2 | 0.00 | 0.00 |
| Science - Physics | 1 | 1 | 0 | 0 | 25 | 62 | 66.00 | 2 | 2 | 0.00 | 0.00 |
| Other Arts: Visual | 0 | 2 | 0 | 1 | 20 | 63 | 102.00 | 1 | 2 | 0.00 | 0.00 |
| Other Arts: Auditory | 1 | 0 | 0 | 0 | 15 | 61 | 61.00 | 1 | 1 | 0.00 | 0.00 |
| Literature - European | 0 | 1 | 0 | 0 | 10 | 110 | 110.00 | 1 | 1 | 0.00 | 0.00 |
| Other Science: Math | 0 | 1 | 0 | 1 | 10 | 127 | 127.00 | 1 | 1 | 0.00 | 0.00 |
| Philosophy | 1 | 0 | 1 | 0 | 10 | 54 | 54.00 | 1 | 1 | 0.00 | 0.00 |
| Religion | 0 | 0 | 0 | 0 | 0 | 0.00 | 0 | 0 | 0.00 | 0.00 | |
| Science - Chemistry | 0 | 1 | 3 | 1 | -5 | 158 | 158.00 | 1 | 1 | 0.00 | 0.00 |
| Literature - American | 0 | 0 | 3 | 0 | -15 | 0.00 | 0 | 0 | 0.00 | 0.00 |